| 000 | 01785cam a22003135a 4500 | ||
|---|---|---|---|
| 001 | L144628 | ||
| 008 | 080731s2008 xxkad f 001 0 eng d | ||
| 020 | _a9780203933428 | ||
| 035 | _a(Sirsi) u144628 | ||
| 041 | 0 | _aeng | |
| 050 | 0 | 4 | _a333.33 $2 18 |
| 100 | 1 | _aWilkinson, Sarah | |
| 245 | 0 | 0 |
_aProperty development _h[electronic resource] |
| 250 | _a5th ed. | ||
| 260 |
_aLondon _bRoutledge _c2008 |
||
| 300 | _aeBook | ||
| 505 | 2 | _aIntroduction -- Land for development -- Development appraisal and risk -- Development finance -- Planning -- Construction -- Market research -- Promotion and selling -- Sustainable development -- International practice -- Appendix 1: example mission statement on CSR | |
| 520 | _aAn eBook on the commercial property development process in the UK. Provides a clear and practical overview and critically analyses the key issues faced by property professionals. Focuses on land acquisition, development appraisal, finance, planning, construction, market research and promotion. This edition also includes material on the environmental impacts of property development, with a chapter on sustainable property development, and on the growth of international working in the property sector. Uses case studies and discussion points to illustrate points made. Each chapter starts with an introduction and ends with a reflective summary. | ||
| 520 | _aSupersedes 4th ed. (ISBN 0419202404). | ||
| 521 | 2 | 0 | _aAdvanced |
| 590 | _aKA | ||
| 650 | 2 | 4 | _aEBOOK |
| 651 | 4 |
_aUnited Kingdom _y |
|
| 690 | _aPROPERTY-COMMERCIAL PROPERTY-COMMERCIAL PROPERTY DEVELOPMENT | ||
| 700 | 1 | _aCadman, David | |
| 700 | 1 | _aReed, Richard | |
| 856 | 4 | 8 |
_uhttps://www.vlebooks.com/ _zView on VLEbooks. Logins for members only from [email protected] |
| 942 | _n0 | ||
| 999 |
_c108564 _d108564 |
||